00335nam a2200145Ia 45000030006000000080041000060400015000471000029000622450020000912500007001112600034001183000006001525460014001580050017001720STCL150530s9999 xx 000 0 und d aSTCLcSTCL aVallathol NArayana Menon aAchanum Makalum a15 bVallathol Vedi: Thissurc1972 a0 aMalayalam20220125170720.0